[Event "II Criciúma Chess Open - A1700 - 12-18"]
[Site "Criciúma SC"]
[Date "2024.01.16"]
[Round "6.11"]
[White "Lima, Kleyton Alcantara"]
[Black "Do Nascimento, Christian Almeida"]
[Result "1-0"]
[WhiteElo "2119"]
[BlackElo "2123"]
[PlyCount "37"]
[EventDate "2024.01.12"]
[EventRounds "9"]
[EventCountry "BRA"]

1. e4 c5 2. Nf3 g6 3. c3 d5 4. e5 Nc6 5. d4 Bg7 6. h3 cxd4 7. cxd4 f6 8. Bb5 a6
({RR} 8... Nh6 9. O-O O-O 10. Bxc6 bxc6 11. Nc3 Nf7 12. exf6 exf6 13. Bf4 g5
14. Bh2 f5 15. Be5 g4 16. Bxg7 Kxg7 17. hxg4 fxg4 18. Ne5 Qh4 19. Nxf7 Rxf7 20.
Qe2 Bd7 21. Qe5+ Kg8 22. Qg3 Qf6 23. Qd3 {Zumaquero Mairena,D (1733)-Ledesma
Claros,D (2012) Malaga ESP 2021 0-1 (34)}) 9. Qa4 $146 ({RR} 9. Bxc6+ bxc6 10.
O-O Nh6 11. Nc3 O-O 12. exf6 exf6 13. Re1 Qd6 14. Na4 Nf7 15. Nc5 a5 16. Bd2
Bf5 17. Rc1 Rfb8 18. b3 Kf8 19. Rc3 Re8 20. Rce3 Rxe3 21. Rxe3 Qc7 22. Re1 Nd8
23. Qe2 Nb7 {Cablitz,H (2184)-Ohse,A (2114) Germany 2008 1-0}) ({RR} 9. Bxc6+
bxc6 10. O-O Nh6 11. Re1 O-O 12. Nc3 Nf7 13. e6 Nd6 14. Bf4 f5 15. Bxd6 Qxd6
16. Na4 Bxe6 17. Qe2 Bf7 18. Qxe7 Qb8 19. b3 Re8 20. Qd7 Qc8 21. Qxc8 Raxc8 22.
Nc5 a5 23. Ne5 g5 {Anton Guijarro,D (2685)-Reshetnikov,A (2492) Moscow RUS
2019 0-1 (53)}) ({RR} 9. Bxc6+ bxc6 10. O-O Nh6 11. exf6 exf6 12. Re1+ Kf7 13.
Bf4 Nf5 14. Nc3 g5 15. Nxg5+ fxg5 16. Qh5+ Kf8 17. Bxg5 Bf6 18. Bd2 Bd7 19. Na4
Bxd4 20. Qf3 Qf6 21. Bc3 Kf7 22. Nc5 Bc8 23. Re2 Rg8 {Chipanga,C (2138)
-Cecchetti,R (1930) Khanty-Mansiysk 2010 1/2-1/2 (69)}) 9... Qd7 10. O-O Rb8
11. Bxc6 Qxc6 12. Qb3 Be6 13. Bf4 Rd8 14. Na3 Qd7 15. Rac1 f5 16. Qb6 Rc8 17.
Rxc8+ Qxc8 18. Rc1 Qd7 19. Ng5 1-0

[Event "II Criciúma Chess Open - A1700 - 12-18"]
[Site "Criciúma SC"]
[Date "2024.01.16"]
[Round "6.12"]
[White "Bitencourt, Evandro Jose Dos S"]
[Black "Do Valle Cardoso, Lucas"]
[Result "0-1"]
[WhiteElo "1863"]
[BlackElo "2392"]
[PlyCount "116"]
[EventDate "2024.01.12"]
[EventRounds "9"]
[EventCountry "BRA"]

1. e4 c5 2. Nf3 d6 3. d4 cxd4 4. Nxd4 Nf6 5. Nc3 a6 6. Be2 e5 7. Nf3 Be7 8. Bg5
Be6 9. Bxf6 Bxf6 10. Nd5 ({RR} 10. O-O Be7 11. Nd5 Nd7 12. Bc4 Rc8 13. Qe2 Nb6
14. Nxb6 Qxb6 15. Bb3 O-O 16. Rfd1 Qc6 17. c3 Qb6 18. Qc2 Rc5 19. Ne1 Rb5 20.
Bxe6 fxe6 21. b4 Qc7 22. Qb3 Rf6 23. c4 Rb6 24. Nd3 Rc6 {Bacrot,E (2715)
-Areshchenko,A (2652) Linares 2017 1-0 (48)}) 10... Nd7 11. O-O Nc5 $146 ({RR} 
11... O-O 12. a4 Rc8 13. c3 Be7 14. Nd2 Bxd5 15. exd5 f5 16. Kh1 Bg5 17. Nc4
Qc7 18. a5 Rce8 19. Nd2 Bxd2 20. Qxd2 e4 21. b4 Ne5 22. c4 f4 23. f3 exf3 24.
gxf3 Ng6 25. Rg1 Re3 26. Ra2 {Wang,S (2116)-Aravindh,C (2599) Dubai UAE 2019
0-1 (38)}) ({RR} 11... O-O 12. c3 Rc8 13. Re1 g6 14. Nxf6+ Nxf6 15. Ng5 Rc6 16.
Nxe6 fxe6 17. Qb3 Qd7 18. Bc4 Kf7 19. Rad1 b5 20. Bf1 Kg7 21. a4 bxa4 22. Qxa4
Qc7 23. h3 Nh5 24. Ra1 Qb6 25. Re3 Ra8 26. b4 {Ruiz Aguilar,P (2171)-Solon,N 
(2306) chess.com INT 2022 0-1 (41)}) ({RR} 11... Rc8 12. c4 O-O 13. Rc1 Bg5 14.
Nxg5 Qxg5 15. Ne3 Rc6 16. Rc2 Rfc8 17. b3 Nc5 18. Bf3 g6 19. Rd2 Qe7 20. b4 Nd7
21. Be2 Nf6 22. Qb1 h5 23. Rfd1 Ne8 24. a4 Qg5 25. a5 Kg7 26. Qb2 {Nitish,B 
(2362)-Karthik,V (2491) Budapest HUN 2021 0-1 (49)}) ({RR} 11... Rc8 12. a4 O-O
13. Nd2 Bxd5 14. exd5 Be7 15. a5 f5 16. c4 e4 17. Nb3 Bf6 18. Nd4 Bxd4 19. Qxd4
Qg5 20. f4 exf3 21. Bxf3 Ne5 22. b3 Rce8 23. Kh1 Nxf3 24. Rxf3 Re2 25. Rf2 Rfe8
26. Rg1 {Das,S (2437)-Amonatov,F (2608) Kolkata IND 2018 1/2-1/2 (45)}) 12.
Nxf6+ gxf6 13. c3 Rg8 14. Re1 Qd7 15. Bf1 O-O-O 16. b4 Na4 17. b5 axb5 18. Rb1
Nc5 19. Bxb5 Qc7 20. Nd4 Bh3 21. Bf1 Kb8 22. Nb5 Qc6 23. Qf3 Be6 24. c4 f5 25.
Qa3 Nxe4 26. Na7 Qc7 27. Rb2 Bd7 28. Reb1 Nc5 29. Nb5 Bxb5 30. Rxb5 f4 31. Ra5
Qc6 32. Ra8+ Kc7 33. Qa5+ Kd7 34. Rxd8+ Rxd8 35. g3 Ke7 36. Qd2 Rg8 37. Bg2 f3
38. Bf1 Rg6 39. Bd3 e4 40. Bc2 Qc8 41. Qe1 Qh3 42. Qf1 Qxf1+ 43. Kxf1 h5 44. h4
f5 45. Ke1 f4 46. gxf4 Rg4 47. Kd2 Rxf4 48. Rh1 Kf6 49. Ke3 Ke5 50. Rh2 Ne6 51.
Rh1 Nd4 52. Ba4 Rxh4 53. Rxh4 Nf5+ 54. Kd2 Nxh4 55. Be8 Kd4 56. Bxh5 Ng2 57.
Bf7 Nf4 58. Bg8 Nd3 0-1

[Event "II Criciúma Chess Open - A1700 - 12-18"]
[Site "Criciúma SC"]
[Date "2024.01.16"]
[Round "6.13"]
[White "Duarte Napoles, Fanny"]
[Black "Schena, Arthur"]
[Result "1-0"]
[WhiteElo "2220"]
[BlackElo "1878"]
[PlyCount "77"]
[EventDate "2024.01.12"]
[EventRounds "9"]
[EventCountry "BRA"]

1. d4 Nf6 2. c4 g6 3. Nc3 Bg7 4. e4 d6 5. h3 O-O 6. Be3 e5 7. d5 Na6 8. g4 Nd7
({RR} 8... Nc5 9. f3 c6 10. b4 Na6 11. a3 cxd5 12. cxd5 Bd7 13. Qd2 Rc8 14.
Nge2 h5 15. Bg5 h4 16. Qd3 Nc7 17. Bxh4 a5 18. b5 Na8 19. Bg5 Qc7 20. h4 Nh7
21. Be3 Qd8 22. h5 Ng5 23. Bg2 {Kantor,G (2575)-Firouzja,A (2804) Warsaw POL
2021 0-1 (44)}) ({RR} 8... Nc5 9. f3 c6 10. h4 cxd5 11. cxd5 Bd7 12. h5 Qa5 13.
h6 Bh8 14. Bd3 b5 15. a3 b4 16. axb4 Nxd3+ 17. Kf1 Qxb4 18. Qxd3 Rfc8 19. Nge2
a5 20. Kf2 Ne8 21. Ra2 Bf6 22. Rha1 Bd8 23. Kg3 {Blahynka,M (2391)-Soucek,P 
(2144) Prague CZE 2022 1-0 (38)}) 9. Nge2 Ndc5 $146 ({RR} 9... Qh4 10. Qd2 h6
11. Ng3 Ndc5 12. Be2 Kh7 13. O-O-O f5 14. gxf5 gxf5 15. Nxf5 Bxf5 16. exf5 e4
17. Rdg1 Qf6 18. Bh5 Nd3+ 19. Kb1 Ne5 20. Bg6+ Kh8 21. Bxh6 Nf3 22. Qf4 Nxg1
23. Bg5 Qxg6 24. Rxg1 {Rakic,T (1876)-Mokshanova,E (1968) Budva 2013 0-1}) 10.
Ng3 f5 11. gxf5 gxf5 12. exf5 Bxf5 13. Nxf5 Rxf5 14. Rg1 Qe7 15. a3 Kh8 16. Qc2
Raf8 17. O-O-O Qf6 18. Be2 Bh6 19. Kb1 Bxe3 20. fxe3 Qh6 21. Rg3 Rf2 22. Rdg1
Nb8 23. b4 Ncd7 24. Ne4 Rh2 25. Ng5 Qg6 26. Bd3 Rxc2 27. Bxg6 Rcf2 28. Bd3 Nf6
29. Ne6 Rc8 30. Rg7 e4 31. Bc2 Nbd7 32. Re7 Ne5 33. Ng5 Rf8 34. Rxc7 Re2 35.
Nxe4 Nxe4 36. Bxe4 Ng6 37. c5 Rxe3 38. Bc2 dxc5 39. bxc5 1-0

[Event "II Criciúma Chess Open - A1700 - 12-18"]
[Site "Criciúma SC"]
[Date "2024.01.16"]
[Round "6.14"]
[White "Goncalves, Nata"]
[Black "Bueno, Alfeu Junior Varela"]
[Result "0-1"]
[WhiteElo "1998"]
[BlackElo "2156"]
[PlyCount "78"]
[EventDate "2024.01.12"]
[EventRounds "9"]
[EventCountry "BRA"]

1. e4 e6 2. d4 d5 3. e5 c5 4. c3 Nc6 5. Nf3 Bd7 6. Be2 Nge7 7. Na3 Nf5 8. Nc2
cxd4 9. cxd4 Nb4 10. O-O ({RR} 10. Ne3 Nxe3 11. fxe3 Qb6 12. a3 Na6 13. O-O Be7
14. a4 Nb4 15. a5 Qd8 16. Bd2 Bc6 17. Bc3 O-O 18. Qd2 Na6 19. Ne1 Qd7 20. Nd3
Bb5 21. Rf3 f5 22. exf6 Bxf6 23. Rg3 Qd6 24. Bf3 Bxd3 {Lagarde,M (2607)-Velten,
P (2464) Nimes FRA 2018 1-0 (52)}) 10... Qb6 ({RR} 10... Rc8 11. Nxb4 Bxb4 12.
Bd3 Qb6 13. Bxf5 exf5 14. Bd2 Be7 15. Bg5 Bf8 16. Rc1 Rxc1 17. Bxc1 h6 18. b3
Be7 19. Qd2 O-O 20. Bb2 Rc8 21. Rc1 Rxc1+ 22. Qxc1 Qa5 23. a4 Qb4 24. Qc2 g5
25. h3 {Motylev,A (2651)-Van Wely,L (2681) chessassistantclub.com INT 2004 1/
2-1/2 (41)}) 11. Nxb4 $146 ({RR} 11. Ne3 Nxe3 12. Bxe3 Rc8 13. Ne1 Bb5 14. a3
Nc6 15. Rc1 Be7 16. b4 O-O 17. Bxb5 Qxb5 18. Qg4 Rfe8 19. f4 f5 20. exf6 Bxf6
21. Nf3 Qd3 22. Rfe1 Nxd4 23. Rxc8 Rxc8 24. Nxd4 Re8 25. Nf3 Qxa3 {Estevez
Jacome,J-Garcia Alvarez,J Asturias 2001 1-0 (34)}) 11... Bxb4 12. a3 Be7 13.
Qd3 Rc8 14. Bd2 a6 15. Rfc1 O-O 16. g4 Bb5 17. Qb3 Nxd4 18. Nxd4 Qxd4 19. Be3
Qxe5 20. Bxb5 axb5 21. Qxb5 Bd6 22. b4 Qxh2+ 23. Kf1 Qh1+ 24. Ke2 Qe4 25. Qxb7
Qxg4+ 26. Kf1 Rb8 27. Qc6 Be5 28. Rab1 Qh3+ 29. Ke1 d4 30. Qe4 dxe3 31. Qxe5
exf2+ 32. Kxf2 Qxa3 33. Rg1 g6 34. Rh1 Rxb4 35. Rxh7 Qa2+ 36. Kg3 Rb3+ 37. Kf4
Qd2+ 38. Kg4 Qg2+ 39. Kh4 Rh3# 0-1

[Event "II Criciúma Chess Open - A1700 - 12-18"]
[Site "Criciúma SC"]
[Date "2024.01.16"]
[Round "6.15"]
[White "Woichinevski, Joao Vinicius Peru"]
[Black "Burgos, Marcelo Alves"]
[Result "1/2-1/2"]
[WhiteElo "1747"]
[BlackElo "2130"]
[PlyCount "46"]
[EventDate "2024.01.12"]
[EventRounds "9"]
[EventCountry "BRA"]

1. Nf3 {Stohl,I} Nf6 2. d4 g6 3. g3 Bg7 4. Bg2 O-O 5. O-O d6 6. c4 c6 7. Nc3
Qa5 8. e4 e5 9. h3 Nbd7 10. Be3 Qa6 ({RR} 10... Ne8 11. Qc2 ({RR} 11. Rb1 exd4
12. Nxd4 Ne5 13. Nb3 Qc7 14. Qe2 Be6 15. Nd2 f5 16. f4 Nd7 17. Rbc1 Nef6 18.
exf5 Bxf5 19. g4 Be6 20. Nf3) 11... f5 12. exf5 ({RR} 12. dxe5 dxe5 13. a3 ({RR
} 13. exf5) 13... f4 14. b4 Qd8 15. Bd2 Qe7 16. Ne2 g5 17. g4 Ndf6 18. Nh2 h5
19. f3 Be6 20. c5 Nc7 21. Bc3 Nd7 22. Bb2 a5 23. Rad1 axb4 24. axb4 Nb5 25. Ra1
Kh7) 12... gxf5 13. dxe5 dxe5 ({RR} 13... Nxe5 14. Nd2 Be6 15. Ne2) 14. Rad1 e4
({RR} 14... Nc7 15. Rfe1) ({RR} 14... Nc5 15. a3 Ne6) 15. Nd4 ({RR} 15. Nd2 Ne5
16. c5 ({RR} 16. f3 exf3 17. Bxf3 f4)) 15... Ne5 16. b3 Nc7 17. Qd2 ({RR} 17.
Nce2 Nd3 ({RR} 17... c5 18. Nb5 Nxb5 19. cxb5) 18. f3 c5 19. Nb5 Nb4) 17...
Nf3+ ({RR} 17... b6 18. f3 exf3 19. Bxf3) 18. Bxf3 exf3 19. Na4 Qxd2 20. Rxd2
Bxd4 ({RR} 20... f4 21. Bxf4 Bxd4 22. Bxc7 ({RR} 22. Rxd4 Ne6)) 21. Bxd4 ({RR} 
21. Rxd4 Ne6 22. Rh4 Rd8) 21... f4 ({RR} 21... Ne6 22. Be5) 22. Be5 ({RR} 22.
g4 h5 23. Be5 Ne6) ({RR} 22. Kh2) 22... Bxh3 ({RR} 22... fxg3 23. Bxc7 ({RR} 
23. fxg3) 23... g2 24. Rfd1 Bxh3 25. Nc5 Rae8 26. Bg3) ({RR} 22... Ne6 23. Kh2
({RR} 23. Re1) 23... fxg3+ 24. Kxg3) 23. Bxc7 Bxf1 24. Kxf1 fxg3 25. fxg3 {
Jussupow,A (2610)-Muse,M (2510) Germany 2001 CBM 082 [Stohl,I] 1-0 (52)} ({RR} 
25. Bxg3 Rad8)) ({RR} 10... exd4 11. Nxd4 ({RR} 11. Bxd4 Re8 ({RR} 11... Ne5
12. c5 Nxf3+ 13. Qxf3 Ne8 14. Bxg7 Kxg7 15. cxd6 Nxd6 16. Rfd1 Nc4 17. b3 Ne5
18. Qe3 f6 19. Na4 Re8 20. f4 Nf7 21. Kh2) ({RR} 11... Nb6 12. b3 c5 13. Bxf6
Bxf6 14. Nb5 Rd8 15. Qe1 Qxe1 16. Raxe1 Be7 17. a4 Be6 18. a5 Nd7 19. e5 Nf8
20. exd6 Bxd6 21. Ng5) 12. Nd2 Nc5 13. a3 Ne6 14. Be3 Nd7 15. Rc1 h5 16. f4 h4
17. g4 g5 18. f5 Bd4 19. Bxd4 Nxd4 20. b4 Qe5 21. c5 dxc5 22. Nc4 Qf6 23. bxc5
Ne5 24. Nd6 Rd8 25. Kh1 b6) 11... Ne5 12. Nb3 Qc7 13. Nd2 Be6 14. Qe2 c5 15. f4
Nc6 16. f5 ({RR} 16. g4 Nd4 17. Qd3) 16... Bd7 17. g4 h6 18. Nb5 Qb8 19. Bf4
Ne8 20. Nb3 g5 21. f6 Bxf6 22. Bxd6 Bd4+ 23. N3xd4 Nxd4 24. Nxd4 Qxd6 25. Nf5)
({RR} 10... Nb6 11. dxe5 dxe5 12. Nd2 Be6 13. Nb3 Qb4 14. Bc5 Qxc4 15. Bxf8
Bxf8 16. Qc2 a5 17. Nc1 Bc5 18. b3 Qa6 19. Nd3 Bd4 20. Rad1 Nbd7 21. Kh2 Nh5
22. Ne2 Bb6 23. f4 Ng7 24. Nb2 Nc5 25. Nc3) 11. Qb3 $146 ({RR} 11. b3 Re8 12.
Qc2 Qa5 13. Rfd1 Nf8 14. d5 c5 15. a3 a6 16. b4 Qc7 17. bxc5 dxc5 18. a4 Rd8
19. a5 Ne8 20. Rdb1 f5 21. Na4 f4 22. Bxc5 Nd7 23. Be7 Bf6 24. Bxd8 Qxd8 25. c5
g5 {Szmetan,J (2403)-Buitrago,J Cali 1999 1-0 (38)}) ({RR} 11. Rc1 Re8 12. d5
c5 13. b4 cxb4 14. Nb5 Nc5 15. Nc7 Qa5 16. Nxe8 Nxe8 17. Nd2 Qc7 18. a3 bxa3
19. Ra1 f5 20. Rxa3 b6 21. exf5 gxf5 22. Qh5 Bd7 23. Bh6 Bf6 24. g4 fxg4 25.
Ne4 Nxe4 {Zaibi,A (2395)-Douich,M (2022) El Ksiba MAR 2019 1-0 (31)}) ({RR} 11.
b3 b5 12. cxb5 cxb5 13. dxe5 dxe5 14. a4 bxa4 15. Rxa4 Qb7 16. Qa1 Qxb3 17. Rb1
Qe6 18. Bxa7 Qc6 19. Ra5 Bb7 20. Nd5 Nxd5 21. exd5 Qc8 22. Qa4 e4 23. Nd4 Nf6
24. Nc6 Nxd5 25. Rc1 Bxc6 {Budai,D (2136)-Suto,G (2313) Szombathely 2003 1/2-1/
2 (38)}) 11... exd4 12. Bxd4 Nc5 13. Bxc5 dxc5 14. Rfe1 Be6 15. Bf1 Rad8 16. e5
Nd7 17. Ne4 b6 18. Neg5 Rfe8 19. Rad1 Qc8 20. Qc3 Qc7 21. Kh1 Bf5 22. g4 Be6
23. b3 Nf8 1/2-1/2

[Event "II Criciúma Chess Open - A1700 - 12-18"]
[Site "Criciúma SC"]
[Date "2024.01.16"]
[Round "6.16"]
[White "Dias, Clara"]
[Black "Lage, Pedro Ferreira"]
[Result "1-0"]
[WhiteElo "1717"]
[BlackElo "2100"]
[PlyCount "57"]
[EventDate "2024.01.12"]
[EventRounds "9"]
[EventCountry "BRA"]

1. e4 c5 2. Nf3 e6 3. d4 cxd4 4. Nxd4 Nf6 5. Nc3 Bb4 6. Bd3 d5 7. e5 Nfd7 8.
Qg4 Nxe5 ({RR} 8... g6 9. Nxe6 Bxc3+ 10. bxc3 fxe6 11. Bxg6+ hxg6 12. Qxg6+ Kf8
13. Ba3+ {1-0 (13) Cherevatenko,R (2395)-Mista,A (2225) Frydek Mistek 1997}) ({
RR} 8... O-O 9. Bh6 g6 10. Bxf8 Bxf8 11. f4 Qb6 12. Nde2 Nc5 13. O-O-O Nc6 14.
h4 Bd7 15. h5 Nxd3+ 16. Rxd3 Na5 17. hxg6 fxg6 18. Nxd5 exd5 19. Qxd7 Bg7 20.
Qxd5+ {1-0 (20) Heaven,P (2015)-Stuart,N (1900) Cardiff 2016}) 9. Qxg7 $146 ({
RR} 9. Bb5+ Bd7 10. Qxg7 Ng6 11. Bd3 Bf8 12. Nxe6 Bxg7 13. Nxd8 Bxc3+ 14. bxc3
Kxd8 15. Bg5+ Kc7 16. O-O-O Be6 17. f4 Bd7 18. f5 Ne5 19. Be2 Bxf5 20. Rxd5
Nbc6 21. Bf6 Rhe8 22. Bb5 Be4 23. Bxe5+ Nxe5 {Stomprowski,E-Plewka,M Kropp
1993 0-1}) 9... Nxd3+ 10. cxd3 Rf8 11. O-O Nc6 12. Bf4 Nxd4 13. Qxd4 Bxc3 14.
Qxc3 Bd7 15. Qg7 Qe7 16. Qxh7 O-O-O 17. Rfc1+ Bc6 18. d4 Rg8 19. Rc3 Rg4 20. g3
Rxf4 21. gxf4 Qf6 22. Rd1 Qxf4 23. Qg7 Qh4 24. Rdc1 Rh8 25. h3 Rh7 26. Qg3 Qh6
27. Rxc6+ bxc6 28. Rxc6+ Kd7 29. Qd6+ 1-0

[Event "II Criciúma Chess Open - A1700 - 12-18"]
[Site "Criciúma SC"]
[Date "2024.01.16"]
[Round "6.17"]
[White "Mariani, Daniel Brandao"]
[Black "De Oliveira, Jairo Quintiliano"]
[Result "0-1"]
[WhiteElo "2040"]
[BlackElo "1840"]
[PlyCount "58"]
[EventDate "2024.01.12"]
[EventRounds "9"]
[EventCountry "BRA"]

1. c4 {Dautov,R} c6 2. e4 d5 3. exd5 cxd5 4. d4 Nf6 5. Nc3 Nc6 6. Nf3 Bg4 7.
cxd5 Nxd5 8. Qb3 Nb6 9. Be3 ({RR} 9. d5 Bxf3 10. gxf3 Nd4 11. Qd1 e5 12. f4 ({
RR} 12. dxe6 fxe6 13. Be3 Bc5) 12... Bb4 ({RR} 12... Bd6 13. fxe5 Bxe5 14. Be3
Nf5 15. Bxb6 Qxb6 16. Qa4+ Kd8 17. Bh3 Bxc3+ 18. bxc3 Re8+ 19. Kf1 Qf6 20. Qf4
Re5) 13. Bg2 Nxd5 14. O-O Bxc3 ({RR} 14... Nxc3 15. bxc3 Bxc3 16. Rb1) 15. fxe5
({RR} 15. bxc3 Nxc3 16. Qe1 O-O 17. fxe5 Rc8) 15... O-O 16. Kh1 Rc8 17. f4 Re8
({RR} 17... b5 18. bxc3 Nxc3 19. Qd3 Nde2) 18. bxc3 Nxc3 19. Qd3 Na4 ({RR} 
19... b5 20. Be3) 20. Rb1 ({RR} 20. Be3 Nc2 21. Rad1 Qxd3 22. Rxd3 Nxe3 23.
Rxe3 b5) 20... Rc3 21. Qd1 b5 ({RR} 21... Nc5 22. Bb2 Rd3) 22. Rb4 Nf5 23. Rxb5
Qh4 {Petrosian,T (2539)-Gashimov,V (2565) Antalya 2004 CBM 101 [Dautov,R] 0-1 
(44)}) ({RR} 9. Ne5 Be6 10. Nxc6 bxc6 11. Qd1 g6 12. Be2 Bg7 13. Be3 O-O 14.
O-O Nc4 15. Na4 Nxe3 16. fxe3 Bh6 17. Qd3 Rb8 18. b3 Qd6 19. Bf3 Rfd8 20. Rfd1
Bf5 21. e4 Be6 22. e5 Qc7 23. Nc5 Bc8 {Cui,W (1745)-Huang,Y (1401) Changsha
CHN 2019 1-0 (40)}) 9... Be6 10. d5 Nxd5 11. Qxb7 $146 ({RR} 11. O-O-O Rc8 12.
Bc4 Ncb4 13. Bb5+ Bd7 14. Rxd5 Nxd5 15. Ne5 Bc6 16. Nxd5 Bxb5+ 17. Nc3 Bc4 18.
Nxc4 Qc7 19. Qa4+ Qd7 20. Qxd7+ Kxd7 21. Ne5+ Ke6 22. Nf3 a6 23. Kb1 f6 24. Rd1
g5 25. Nd4+ Kf7 {Anderton,M (2240)-Lee,G (2350) Hove 1997 1-0 (60)}) 11... Nxe3
12. Bb5 Nc2+ 13. Ke2 Rc8 14. Rac1 Bd7 15. Rxc2 Rc7 16. Qa6 Nb4 17. Qa4 Nxc2 18.
Rd1 f6 19. Rxd7 Rxd7 20. Qxc2 Kf7 21. Ne5+ fxe5 22. Qf5+ Ke8 23. Qe6 Qc7 24.
Ne4 Kd8 25. Ng5 Qc2+ 26. Kf3 Rd3+ 27. Bxd3 Qxd3+ 28. Kg4 h5+ 29. Kh4 Qd4+ 0-1

[Event "II Criciúma Chess Open - A1700 - 12-18"]
[Site "Criciúma SC"]
[Date "2024.01.16"]
[Round "6.18"]
[White "Torella, Rodolfo"]
[Black "Pedroso, Denian"]
[Result "0-1"]
[WhiteElo "1878"]
[BlackElo "1924"]
[PlyCount "100"]
[EventDate "2024.01.12"]
[EventRounds "9"]
[EventCountry "BRA"]

1. e4 c5 2. Nf3 Nc6 3. d4 cxd4 4. Nxd4 Nf6 5. Nc3 e6 6. Nxc6 bxc6 7. e5 Nd5 8.
Ne4 Qc7 9. f4 Qb6 10. c4 Bb4+ 11. Ke2 Ba6 12. Kf3 f5 13. Nd6+ Bxd6 14. cxd5 Bc5
15. dxe6 dxe6 16. Bxa6 Qxa6 17. Qb3 Ke7 18. Qc3 $146 ({RR} 18. Be3 Bxe3 19.
Qxe3 Qb5 20. Rhd1 Rhd8 21. Qa3+ c5 22. Rac1 Rxd1 23. Rxd1 a5 24. Qd3 {1/2-1/2 
(24) Mailitis,K (2103)-Froehlich Dill,A (1894) Frankfurt 2014}) 18... Bb6 19.
Rd1 Rhd8 20. Be3 Bxe3 21. Qxe3 Qb6 22. Qxb6 axb6 23. a3 Rd5 24. Rdc1 Kd7 25.
Ke2 Ra4 26. b4 c5 27. g3 Kc6 28. Rc2 Ra7 29. a4 Kd7 30. bxc5 bxc5 31. Rb2 c4
32. Ra3 Kc6 33. Rb8 Kc5 34. Ke3 Rdd7 35. Rb5+ Kc6 36. Rb8 Ra6 37. h3 g6 38. g4
fxg4 39. hxg4 h5 40. gxh5 gxh5 41. Rh8 Kc5 42. Rxh5 Kb4 43. Ra1 c3 44. f5 exf5
45. Rxf5 c2 46. Rff1 Ra5 47. Ke4 Kc3 48. Kf5 Rdd5 49. Rfe1 Kb2 50. Rf1 Rxe5+
0-1

[Event "II Criciúma Chess Open - A1700 - 12-18"]
[Site "Criciúma SC"]
[Date "2024.01.16"]
[Round "6.19"]
[White "Silva, Juliana Figueira Th"]
[Black "Cunha E Silva, Carlos Alberto V."]
[Result "1-0"]
[WhiteElo "1747"]
[BlackElo "1984"]
[PlyCount "57"]
[EventDate "2024.01.12"]
[EventRounds "9"]
[EventCountry "BRA"]

1. d4 {Estremera,S/Mellado,J} Nf6 2. c4 e6 3. g3 Bb4+ 4. Bd2 Bxd2+ 5. Nxd2 d5
6. Bg2 O-O 7. Ngf3 b6 8. O-O Bb7 9. b4 ({RR} 9. Ne5 Qe7 ({RR} 9... Nbd7 10. Nd3
c5) 10. Rc1 Rd8 11. Qa4 Na6 12. c5 bxc5 13. dxc5 c6 ({RR} 13... Nxc5 14. Qb4
Qd6 15. Rxc5) 14. Nb3 Qc7 15. f4 Nb8 16. Qa5 Rc8 17. Rfd1 Nbd7 18. Nxd7 Qxd7
19. e4 Qe7 20. e5 Nd7 21. Nd4 Kh8 22. Re1 g5 23. f5 g4 {Kasimdzhanov,R (2687)
-Anand,V (2817) Tashkent 2011 CBM 141 Extra [Estremera,S/Mellado,J] 0-1 (53)})
({RR} 9. cxd5 Bxd5 10. Qc2 Bb7 11. Rac1 Na6 12. Rfd1 Rb8 13. a3 h6 14. b4 c6
15. Ne5 Rc8 16. Qb2 Nb8 17. Rc2 Rc7 18. Rdc1 Nfd7 19. Ndc4 Nxe5 20. Nxe5 Qd6
21. b5 Rfc8 22. e3 c5 23. dxc5 bxc5 {Iskusnyh,S (2473)-Ponikarovsky,A (1941)
chess.com INT 2021 1/2-1/2 (41)}) 9... dxc4 $146 ({RR} 9... c5 10. bxc5 bxc5
11. Rb1 Bc6 12. Ne5 Qc7 13. Nxc6 Nxc6 14. cxd5 Nxd5 15. Bxd5 exd5 16. dxc5 Nd4
17. e3 Ne6 18. Nb3 Rfd8 19. Qg4 Rac8 20. Rfc1 Qe5 21. c6 Rc7 22. Rc2 h5 23. Qh4
Rdc8 24. Rbc1 {Ibrayev,N (2407)-Alpysbayeva,A (1971) Pavlodar 2010 1-0 (36)}) (
{RR} 9... Qe7 10. Qb3 dxc4 11. Nxc4 Bd5 12. Nfe5 Rc8 13. Rfc1 Bxg2 14. Kxg2 Nd5
15. Rab1 f6 16. Nf3 c5 17. bxc5 bxc5 18. e4 Nb6 19. dxc5 N6d7 20. Nd6 Rxc5 21.
Qb7 Rxc1 22. Rxc1 Qxd6 23. Qxa8 a6 24. Qb7 {Grabarczyk,M (2441)-Borowski,P 
(1759) Wroclaw 2017 1-0 (36)}) ({RR} 9... Nbd7 10. Rc1 dxc4 11. Nxc4 Qe7 12.
Qb3 Bd5 13. Qb2 Rac8 14. Nfd2 Bxg2 15. Kxg2 c5 16. dxc5 bxc5 17. b5 Nb6 18. Na5
Nfd5 19. Qb3 Qc7 20. Nc6 Qb7 21. Rxc5 Ne7 22. Rfc1 Nd7 23. R5c2 Ne5 24. Qa4 {
Kudischewitsch,D (2336)-Striechman,O (1897) Tel Aviv 2011 1-0}) 10. Nxc4 Nbd7
11. b5 a6 12. a4 Re8 13. Re1 c5 14. bxc6 Bxc6 15. Qd3 Ra7 16. Nd6 Rf8 17. e4
Ne8 18. Nc4 Nc5 19. Qc2 Nd7 20. Rab1 b5 21. Nce5 Nxe5 22. Nxe5 Bd7 23. Nxd7
Qxd7 24. axb5 axb5 25. Red1 Nd6 26. d5 Nc4 27. Qb3 Rb7 28. Bf1 Rfb8 29. dxe6
1-0

[Event "II Criciúma Chess Open - A1700 - 12-18"]
[Site "Criciúma SC"]
[Date "2024.01.16"]
[Round "6.20"]
[White "Medeiros, Thauane Ferreira"]
[Black "Frankental, David"]
[Result "1-0"]
[WhiteElo "1842"]
[BlackElo "1939"]
[PlyCount "71"]
[EventDate "2024.01.12"]
[EventRounds "9"]
[EventCountry "BRA"]

1. d4 d5 2. Bf4 Nf6 3. e3 e6 4. Nf3 c5 5. Nbd2 Nc6 6. c3 Qb6 7. Qb3 c4 ({RR} 
7... Nh5 8. Qxb6 axb6 9. Bc7 c4 10. Bxb6 Ra6 11. Bc7 b5 12. Be2 Nf6 13. O-O b4
14. cxb4 Bxb4 15. a3 Be7 16. Bf4 Ra7 17. b4 Bd7 18. b5 Na5 19. a4 O-O 20. Rfb1
Rfa8 21. Bd1 Nb7 22. Ne5 {Bagheri,A (2490)-Drozdovskij,Y (2587) Beijing 2008
0-1 (37)}) 8. Qc2 Qa5 9. Be2 ({RR} 9. Ne5 Bd7 10. Nxc6 Bxc6 11. b4 cxb3 12.
Nxb3 Qa4 13. Bd3 Rc8 14. O-O Bd7 15. Rfc1 Ba3 16. Nc5 Bxc5 17. dxc5 Qxc2 18.
Rxc2 Rxc5 19. Rb1 Ba4 20. Rcc1 b5 21. c4 dxc4 22. Bxc4 Ke7 23. Bb3 Rxc1+ {
Yucesoy,A (1685)-Aydin,I (1950) Antalya TUR 2019 0-1 (60)}) 9... b5 $146 ({RR} 
9... Be7) 10. O-O Be7 11. Ne5 Bb7 12. g4 Nxe5 13. Bxe5 O-O 14. Bxf6 gxf6 15. f4
Kh8 16. Kf2 f5 17. gxf5 Bh4+ 18. Kg2 Rg8+ 19. Kh1 exf5 20. Nf3 Qd8 21. Qxf5 Bc8
22. Qc2 Bh3 23. Rg1 Bf2 24. Ng5 Rg7 25. Nxh3 Bxg1 26. Rxg1 Rxg1+ 27. Nxg1 Qe7
28. Qf5 Qxe3 29. Qxd5 Re8 30. Qf5 Qf2 31. Qf6+ Kg8 32. Bh5 Rf8 33. Bg4 Qxb2 34.
Bf5 Rb8 35. Qh6 Rb6 36. Bxh7+ 1-0